00767nam a22001937a 450000500170000001000150001702000260003203500140005803700130007208200130008510000140009824501610011226000360027327000680030930000260037794200270040399900190043095201240044920180628122906.0 aENG-123225 a9789382630913c995.00 aEN-106757 bDBAD/PUB a658.4092 aRao, M.S. aSoft leadership:cby M.S. Raobacquire leadership ideas and insights on visionary, inspirational and life leadership to stand out as a soft leader globally/ aJaipurbAadi Publicationsc2017 aF-11, S.S. Tower, Dhamani Street, Chaura Rasta,bJaipure302003 a182p.c21cm(Hb)bill. 2ddccENmRAOh658.4092 c152705d152705 001040718NFICaDBADbLd2018-06-14eDBAD/PUBg995.00l0o658.4092 RAOpEN-106757r2018-06-14 00:00:00t1v995.00yEN